| 000 | 01203nam a2200325 i 4500 | ||
|---|---|---|---|
| 001 | 8082 | ||
| 003 | KOSZ 005 | ||
| 005 | 20220419132148.0 | ||
| 008 | 080131s1969 pl a f 001 0 pol | ||
| 015 | _aPB 1969/6998 | ||
| 040 |
_aWA N _cKOSZ 005/RW _dKOSZ 005/RW |
||
| 041 | 0 |
_apol _heng |
|
| 080 | _a62:681.3+51 | ||
| 100 | 1 |
_aWilson, Warren Elvin _d(1907- ). _eAutor. |
|
| 245 | 1 | 0 |
_aProjektowanie techniczne w ujęciu systemowym / _cWarren E. Wilson ; tł. Stanisław Zasada. |
| 246 | 1 |
_iTyt. oryg.: _aConcepts of engineering system design. |
|
| 260 |
_aWarszawa : _bWydawnictwa Naukowo-Techniczne, _c1969. |
||
| 300 |
_a288 s. : _bil. ; _c23 cm. |
||
| 380 | _aKsiążki. | ||
| 490 | 1 | _aProblemy i Metody Techniki. | |
| 504 | _aBibliogr. przy rozdz. Indeks. | ||
| 655 | 4 | _aPodręczniki akademickie | |
| 650 | 4 | _aProjektowanie | |
| 650 | 4 | _aModele matematyczne | |
| 710 | 2 |
_aWydawnictwa Naukowo-Techniczne _4pbl. |
|
| 700 | 1 |
_aZasada, Stanisław _d(?-2000) _eTłumaczenie |
|
| 830 | 0 | _aProblemy i Metody Techniki | |
| 856 |
_uhttp://koha.tu.koszalin.pl/cgi-bin/koha/opac-detail.pl?biblionumber=8082 _yKatalog online BPK |
||
| 942 |
_2UKD _cKS |
||
| 999 |
_c8082 _d8082 |
||